000 00335nam a2200145 i 4500
001 bg
100 1 _aGUSEV, V. P.
245 0 _aTechnologija radioapparatostroenija /
_cV.P. Gusev.
260 _aMoskwa,
_c1972.
040 _cBPK
041 _apol
080 _a621.396.6
942 _cKS
008 s pl f |000 0 pol
999 _c14978
_d14978
856 _uhttp://koha.tu.koszalin.pl/cgi-bin/koha/opac-detail.pl?biblionumber=14978
_yKatalog online BPK